The best American travel writing 2002 / (Record no. 15593)

000 -LEADER
fixed length control field 00433cam a2200169Ia 4500
020 ## - INTERNATIONAL STANDARD BOOK NUMBER
ISBN 0618118802 :
040 ## - CATALOGING SOURCE
Transcribing agency AMP
082 00 - DEWEY DECIMAL CLASSIFICATION NUMBER
Classification number 810 HOU 2002 A097 Or.
245 04 - TITLE STATEMENT
Title The best American travel writing 2002 /
260 ## - PUBLICATION, DISTRIBUTION, ETC. (IMPRINT)
Place of publication Boston, MA :
Name of publisher Houghton Mifflin Co.,
Year of publication 2002
300 ## - PHYSICAL DESCRIPTION
Number of Pages 351 p. ;
Dimensions 22 cm
490 1# - SERIES STATEMENT
Series statement The Best American series
650 #0 - SUBJECT ADDED ENTRY--TOPICAL TERM
Topical Term Travel
650 #0 - SUBJECT ADDED ENTRY--TOPICAL TERM
Topical Term Travel writing
700 1# - ADDED ENTRY--PERSONAL NAME
Personal name Mayes, Frances
942 ## - ADDED ENTRY ELEMENTS (KOHA)
Koha item type សៀវភៅភាសាអង់គ្លេស
952 ## - LOCATION AND ITEM INFORMATION (KOHA)
Withdrawn status [LOCAL, KOHA] 0
Holdings
Permanent Location Date acquired Koha item type Lost status Shelving location Barcode Current Location Full call number
Library Block A2017-12-04សៀវភៅភាសាអង់គ្លេស A097A13520Library Block A810 HOU 2002 A097 Or.
មជ្ឈមណ្ឌលឯការនៃសាកលវិទ្យាល័យភូមិន្ទកសិកម្មចំការដូង

Powered by Koha